Dependencia, estructura de poder y formación regional en América Latina

Spremljeno u:
Bibliografski detalji
Glavni autor: Boris Rofman, Alejandro
Format: Tekst
Izdano: México, D.F.: Melo
Oznake: Dodaj oznaku
Bez oznaka, Budi prvi tko označuje ovaj zapis!

MARC

LEADER 00000 a a2200000 04500
001 22483
003
040 |a CRAI/IIS  |c CRAI/IIS 
090 |a 153600  
100 |a Boris Rofman, Alejandro  
245 |a Dependencia, estructura de poder y formación regional en América Latina  
260 |a México, D.F.:   |b Melo  
300 |a 262 p  
300 |b **no definido**  
999 |c 14832  |d 14832